000 00344nam a2200157Ia 4500
100 _aKibbe/ R.R. & others/ Neely/ J.E.
250 _a6
942 _cRB
654 _aMachine tool
245 _aMachine tool practices
260 _bPrentice Hall
_c1997
082 _a621.902
_bKIB/NEE
300 _a822
546 _aENGLISH
999 _c22583
_d22583